000 00691nam a2200217 u 4500
005 20240228063741.0
008 121120s2009 r 000 0 eng d
020 _a9786071101013
035 _aUPN01000188740
049 _aI
050 4 _aPZ84.3
_bM3.5
100 1 _aMachado, Ana María,
_d1941-
_929089
245 1 0 _aMmmm, ¡qué rico está! /
_cAna María Machado ; il. Francesc Rovira ; tr. Mario Merlino.
260 _aMéxico :
_bAlfaguara,
_c2009.
300 _a29 p. :
_bil. col.
440 0 _aAlfaguara Infantil
650 4 _aLITERATURA INFANTIL BRASILEÑA
_911916
650 4 _aRimas infantiles
_910247
650 7 _aAbuelos
_vLiteratura infantil
_2
_911576
905 _aInfantil
999 _c160843
_d160843